Voivodeships of Poland - Statistics

General Stats
  • This quiz has been taken 170 times
    156 since last reset
  • The average score is 12 of 16
Answers on the Map
Answers color-coded by a green-red scale on the quiz's map according to % correct below.
 
Answer Stats
Answer % Correct
Pomeranian
96%
Lesser Poland
88%
Greater Poland
87%
Łódź
87%
Silesian
84%
West Pomeranian
83%
Lublin
81%
Lower Silesian
80%
Opole
78%
Mazovian
77%
Holy Cross
65%
Lubusz
65%
Podlachian
65%
Subcarpathian
65%
Warmian-Masurian
58%
Kuyavian-Pomeranian
57%
No matching quizzes found
Score Distribution
Percent of People with Each Score
Percentile by Number Answered
Your Score History
You have not taken this quiz since the last reset